| 000 | 00428nam a2200181Ia 4500 | ||
|---|---|---|---|
| 001 | 1343 | ||
| 005 | 20260306143721.0 | ||
| 008 | 260306t1972||||xx |||||||||||||| ||spa|| | ||
| 041 | _aESP | ||
| 082 |
_a195 _bB85 |
||
| 100 |
_aBruno, Giordano _eAUT |
||
| 245 | 0 | _aSobre el infitnito universo y los mundos | |
| 260 | _c1972 | ||
| 300 |
_a255 páginas : _c19 cm. |
||
| 650 | _aGEN | ||
| 654 | _aCHU | ||
| 942 |
_cLIB _dJUS _fJUS _2ddc _n |
||
| 999 |
_c1343 _d1343 |
||